Salt of the earth : (Record no. 94137)

MARC details
000 -LEADER
campo de control de longitud fija 01187cam a2200337 a 4500
001 - NÚMERO DE CONTROL
campo de control 116444
005 - FECHA Y HORA DE LA ÚLTIMA TRANSACCIÓN
campo de control 20230410142343.0
008 - DATOS DE LONGITUD FIJA--INFORMACIÓN GENERAL
campo de control de longitud fija 970828s1997 cau 000 0 eng d
010 ## - NÚMERO DE CONTROL DE LA BIBLIOTECA DEL CONGRESO
Número de control de LC 97070806
020 ## - NÚMERO INTERNACIONAL ESTÁNDAR DEL LIBRO
Número Internacional Estándar del Libro 0898706408 (alk. paper)
035 ## - NÚMERO DE CONTROL DEL SISTEMA
Número de control de sistema (OCoLC)37920876
040 ## - FUENTE DE CATALOGACIÓN
Centro catalogador/agencia de origen MBtS
Centro/agencia transcriptor MBtS
Centro/agencia modificador MnCS
-- DLC
041 1# - CÓDIGO DE IDIOMA
Código de lengua del texto/banda sonora o título independiente eng
Código de lengua original ger
042 ## - CÓDIGO DE AUTENTICACIÓN
Código de autenticación lccopycat
050 14 - SIGNATURA TOPOGRÁFICA DE LA BIBLIOTECA DEL CONGRESO
Número de clasificación BX 1751.2
Número de ítem B463s 1997
082 00 - NÚMERO DE LA CLASIFICACIÓN DECIMAL DEWEY
Número de clasificación 282
Número de edición 21
100 0# - ENTRADA PRINCIPAL--NOMBRE DE PERSONA
Nombre de persona Benedict
Numeración XVI,
Títulos y otros términos asociados al nombre Pope,
Fechas asociadas al nombre 1927-
240 10 - TÍTULO UNIFORME
Título uniforme Salz der Erde.
Lenguaje de la obra English
245 10 - MENCIÓN DEL TÍTULO
Título Salt of the earth :
Resto del título Christianity and the Catholic Church at the end of the millennium /
Mención de responsabilidad, etc. Joseph Cardinal Ratzinger ; an interview with Peter Seewald ; translated by Adrian Walker.
260 ## - PUBLICACIÓN, DISTRIBUCIÓN, ETC.
Lugar de publicación, distribución, etc. San Francisco :
Nombre del editor, distribuidor, etc. Ignatius Press,
Fecha de publicación, distribución, etc. c1997.
300 ## - DESCRIPCIÓN FÍSICA
Extensión 283 p. ;
Dimensiones 21 cm.
500 ## - NOTA GENERAL
Nota general "The church at the end of the millennium"--Cover.
610 20 - PUNTO DE ACCESO ADICIONAL DE MATERIA--NOMBRE DE ENTIDAD CORPORATIVA
Nombre de entidad corporativa o nombre de jurisdicción como elemento de entrada Catholic Church
Subdivisión general Doctrines
-- History
Subdivisión cronológica 20th century.
610 20 - PUNTO DE ACCESO ADICIONAL DE MATERIA--NOMBRE DE ENTIDAD CORPORATIVA
Nombre de entidad corporativa o nombre de jurisdicción como elemento de entrada Catholic Church
Subdivisión general History
Subdivisión cronológica 20th century.
650 #0 - PUNTO DE ACCESO ADICIONAL DE MATERIA--TÉRMINO DE MATERIA
Término de materia o nombre geográfico como elemento de entrada Christianity
Subdivisión cronológica 20th century.
650 #4 - PUNTO DE ACCESO ADICIONAL DE MATERIA--TÉRMINO DE MATERIA
Término de materia o nombre geográfico como elemento de entrada Cristianismo
Subdivisión cronológica siglo 20.
600 00 - PUNTO DE ACCESO ADICIONAL DE MATERIA--NOMBRE DE PERSONA
Nombre de persona Benedict
Numeración XVI,
Títulos y otros términos asociados al nombre Pope,
Fechas asociadas al nombre 1927-
Subdivisión de forma Interviews.
700 1# - ENTRADA AGREGADA--NOMBRE PERSONAL
Nombre de persona Seewald, Peter.
942 ## - ELEMENTOS DE ENTRADA SECUNDARIOS (KOHA)
Fuente del sistema de clasificación o colocación Clasificación de Library of Congress
Tipo de ítem Koha
946 ## - PROCESAMIENTO DE INFORMACIÓN LOCAL (OCLC)
a YSL
Holdings
Estatus retirado Estado de pérdida Fuente del sistema de clasificación o colocación Estado de daño No para préstamo Colección Biblioteca de origen Biblioteca actual Ubicación en estantería Fecha de adquisición Serial enumeration / chronology Signatura topográfica completa Código de barras Visto por última vez Copia número Tipo de ítem Koha
    Clasificación de Library of Congress     Humanidades Biblioteca Juan Bosch Biblioteca Juan Bosch Humanidades (4to. Piso) 10/04/2023 1 BX 1751.2 B463s 1997 00000109950 17/11/2018 1